Manual práctico para el cultivo del pimiento en agricultura protegida
Furkejuvvon:
| Váldodahkkit: | , |
|---|---|
| Materiálatiipa: | Girji |
| Giella: | espánnjágiella |
| Almmustuhtton: |
Madrid
Ediciones Mundi-Prensa
2018
|
| Preanttus: | 1a. ed |
| Fáttát: | |
| Fáddágilkorat: |
Lasit fáddágilkoriid
Eai fáddágilkorat, Lasit vuosttaš fáddágilkora!
|
MARC
| LEADER | 00000cam a2200000 a 4500 | ||
|---|---|---|---|
| 001 | UCC7581 | ||
| 003 | CL-VaPUC | ||
| 008 | 190412e20180000sp |||||||||||||||||spa|d | ||
| 020 | |a 9788484766704 | ||
| 082 | 0 | 4 | |a 635.643 |b MAT |2 21 |
| 100 | |a Matarín Guil, Antonio |e autor |9 602240 | ||
| 700 | 0 | |a Morales García, Isidro |e author |9 602241 | |
| 245 | 1 | 0 | |a Manual práctico para el cultivo del pimiento en agricultura protegida |
| 250 | |a 1a. ed | ||
| 300 | |a 216 p | ||
| 942 | |c BK | ||
| 945 | |d 20190412 13:45:00 |a dcastane | ||
| 260 | |a Madrid |b Ediciones Mundi-Prensa |c 2018 | ||
| 650 | 0 | |a Pimiento |9 325628 | |
| 583 | |a last modification |c 20190412 13:45:00 |k Rodrigo Vera | ||
| 999 | |c 374190 |d 374188 | ||
| 952 | |0 0 |1 0 |3 erb |4 0 |6 635_643000000000000_MAT_2018 |7 0 |8 A |9 492669 |a BIBAGR |b BIBAGR |i 5543150 |l 3 |m 2 |o 635.643 MAT 2018 |p 5543150 |r 2025-01-20 |s 2022-10-26 |w 2019-11-24 |y BK |z Catalogado en:20190412 |k AGR | ||
| 952 | |0 0 |1 0 |3 erb |4 0 |6 635_643000000000000_MAT_2018 |7 0 |8 A |9 492670 |a BIBAGR |b BIBAGR |i 5543142 |l 2 |o 635.643 MAT 2018 |p 5543142 |r 2025-01-20 |s 2024-05-28 |w 2019-11-24 |y BK |z Catalogado en:20190412 |k AGR | ||